[Event "Bergen Sommer op"]
[Site "Bergen"]
[Date "2017.07.29"]
[Round "2"]
[White "Bjugn, Gisle"]
[Black "Vidal, Frederic"]
[Result "1-0"]
[WhiteElo "1825"]
[BlackElo "1719"]
[PlyCount "58"]
[EventDate "2017.07.28"]
[EventType "swiss"]
[EventRounds "5"]
[EventCountry "NOR"]
[SourceTitle "CBM 179 Extra"]
[Source "ChessBase"]
[SourceDate "2017.08.23"]
[SourceVersion "1"]
[SourceVersionDate "2017.08.23"]
[SourceQuality "1"]

1. d4 Nf6 2. Nf3 g6 3. Bf4 Bg7 4. e3 d6 5. h3 0-0 6. Be2 b6 7. 0-0 Bb7 8. Nbd2 Nbd7 9. c3 c5 10. a4 a6 11. Re1 Nd5 12. Bh2 Rc8 13. Qb3 e5 14. dxe5 dxe5 15. Rad1 Qc7 16. Bc4 N5f6 17. Ng5 Nb8 18. Bxf7+ Rxf7 19. Bxe5 Bd5 20. c4 Qxe5 21. f4 Qd6 22. cxd5 Rb7 23. Nc4 Qf8 24. Ne6 Qe7 25. Nxb6 Re8 26. a5 Nxd5 27. Qxd5 Rxb6 28. Nxg7+ Re6 29. Nxe6 Qxe6 1-0

[Event "Bergen Sommer op"]
[Site "Bergen"]
[Date "2017.07.29"]
[Round "3"]
[White "Vidal, Frederic"]
[Black "Haugsvaer, Lisbeth"]
[Result "0-1"]
[WhiteElo "1719"]
[BlackElo "1701"]
[PlyCount "50"]
[EventDate "2017.07.28"]
[EventType "swiss"]
[EventRounds "5"]
[EventCountry "NOR"]
[SourceTitle "CBM 179 Extra"]
[Source "ChessBase"]
[SourceDate "2017.08.23"]
[SourceVersion "1"]
[SourceVersionDate "2017.08.23"]
[SourceQuality "1"]

1. f4 b6 2. e4 Bb7 3. d3 d5 4. e5 e6 5. d4 c5 6. Nf3 Nc6 7. Bb5 a6 8. Bxc6+ Bxc6 9. Be3 Ne7 10. g4 Ng6 11. 0-0 h5 12. f5 hxg4 13. Ng5 Nxe5 14. fxe6 Nf3+ 15. Nxf3 gxf3 16. Qxf3 f6 17. Qf5 Qc7 18. Qg6+ Kd8 19. Bf4 Bd6 20. Bg3 Be8 21. e7+ Qxe7 22. Qf5 Bxg3 23. Qxd5+ Kc7 24. Qxa8 Qe3+ 25. Kg2 Rxh2# 0-1

[Event "Saint Affrique op 22nd"]
[Site "Saint Affrique"]
[Date "2014.07.21"]
[Round "3"]
[White "Vidal, Frederic"]
[Black "Durand, Joris"]
[Result "1-0"]
[WhiteElo "1749"]
[BlackElo "1330"]
[PlyCount "75"]
[EventDate "2014.07.19"]
[EventType "swiss"]
[EventRounds "9"]
[EventCountry "FRA"]
[SourceTitle "CBM 161 Extra"]
[Source "ChessBase"]
[SourceDate "2014.08.29"]
[SourceVersion "1"]
[SourceVersionDate "2014.08.29"]
[SourceQuality "1"]

1. f4 c6 2. c3 d5 3. Qc2 Nf6 4. Nf3 Qb6 5. e3 e6 6. Be2 Bd6 7. d3 0-0 8. d4 c5 9. 0-0 Bd7 10. Ne5 c4 11. Nd2 Bb5 12. Rf3 Nbd7 13. Rh3 h6 14. g4 Bxe5 15. fxe5 Ne4 16. Nxe4 dxe4 17. Qxe4 f5 18. gxf5 exf5 19. Qd5+ Kh8 20. Bxc4 Qc6 21. Qxb5 a6 22. Qxc6 bxc6 23. Bd2 Rab8 24. b3 a5 25. Rf1 c5 26. Be6 Rbd8 27. Rxf5 cxd4 28. Rxf8+ Nxf8 29. Bc4 dxe3 30. Bxe3 Ng6 31. Bd4 Nf4 32. Rf3 Ne2+ 33. Bxe2 Rg8 34. Bc4 Re8 35. e6 Re7 36. Rf8+ Kh7 37. Bd3+ g6 38. Rh8# 1-0

[Event "Saint Affrique op 22nd"]
[Site "Saint Affrique"]
[Date "2014.07.20"]
[Round "2"]
[White "Del Valle, Julie"]
[Black "Vidal, Frederic"]
[Result "1-0"]
[WhiteElo "1530"]
[BlackElo "1749"]
[PlyCount "59"]
[EventDate "2014.07.19"]
[EventType "swiss"]
[EventRounds "9"]
[EventCountry "FRA"]
[SourceTitle "CBM 161 Extra"]
[Source "ChessBase"]
[SourceDate "2014.08.29"]
[SourceVersion "1"]
[SourceVersionDate "2014.08.29"]
[SourceQuality "1"]

1. d4 g6 2. e4 Bg7 3. c4 c5 4. Nf3 cxd4 5. Nxd4 Qb6 6. Nb3 d6 7. Be2 Nf6 8. Nc3 0-0 9. Be3 Qd8 10. 0-0 b6 11. Nd4 Bb7 12. f3 Na6 13. Nd5 Nc7 14. Rc1 Ne6 15. Qd2 Nd7 16. Nxe6 fxe6 17. Nf4 Rxf4 18. Bxf4 e5 19. Be3 Nf6 20. Rfd1 Rc8 21. b4 Qe8 22. c5 bxc5 23. bxc5 Qa4 24. cxd6 Rxc1 25. Rxc1 exd6 26. Qxd6 Qa5 27. Qb8+ Bf8 28. Qxb7 Ne8 29. Bc4+ Kh8 30. Qf7 1-0